Top 15 NFL Teams 2020 - Statistics

General Stats
  • This quiz has been taken 5 times
  • The average score is 69 of 255
Answer Stats
Hint Answer % Correct
#1 Chiefs
75%
#15 1-0
50%
#14 1-0
50%
#15 2-0
50%
#14 2-0
50%
#15 3-0
50%
#15 3-1
50%
#15 4-1
50%
#15 5-1
50%
#15 5-2
50%
#15 5-3
50%
#15 5-4
50%
#15 5-5
50%
#15 5-6
50%
#15 5-7
50%
#15 6-7
50%
#15 7-7
50%
#15 8-7
50%
#15 8-8
50%
#15 Bears
50%
#13 0-1
25%
#9 0-1
25%
#8 0-1
25%
#7 0-1
25%
#13 0-2
25%
#12 1-0
25%
#11 1-0
25%
#10 1-0
25%
#6 1-0
25%
#5 1-0
25%
#4 1-0
25%
#3 1-0
25%
#2 1-0
25%
#1 1-0
25%
#6 10-0
25%
#1 10-1
25%
#4 10-2
25%
#4 10-3
25%
#3 10-3
25%
#2 10-3
25%
#11 10-4
25%
#9 10-4
25%
#8 10-4
25%
#5 10-4
25%
#4 10-4
25%
#13 10-5
25%
#11 10-5
25%
#10 10-5
25%
#9 10-5
25%
#8 10-5
25%
#7 10-5
25%
#13 10-6
25%
#12 10-6
25%
#9 1-1
25%
#8 1-1
25%
#7 1-1
25%
#4 1-1
25%
#6 11-0
25%
#6 11-1
25%
#1 11-1
25%
#6 11-2
25%
#6 11-3
25%
#3 11-3
25%
#2 11-3
25%
#5 11-4
25%
#4 11-4
25%
#11 11-5
25%
#10 11-5
25%
#9 11-5
25%
#8 11-5
25%
#7 11-5
25%
#13 1-2
25%
#4 1-2
25%
#1 12-1
25%
#6 12-3
25%
#3 12-3
25%
#2 12-3
25%
#6 12-4
25%
#5 12-4
25%
#4 12-4
25%
#13 1-3
25%
#1 13-1
25%
#3 13-3
25%
#2 13-3
25%
#1 14-1
25%
#1 14-2
25%
#12 2-0
25%
#11 2-0
25%
#10 2-0
25%
#6 2-0
25%
#5 2-0
25%
#3 2-0
25%
#2 2-0
25%
#1 2-0
25%
#14 2-1
25%
#12 2-1
25%
#10 2-1
25%
#9 2-1
25%
#8 2-1
25%
#7 2-1
25%
#14 2-2
25%
#4 2-2
25%
#13 2-3
25%
#11 3-0
25%
#6 3-0
25%
#5 3-0
25%
#3 3-0
25%
#2 3-0
25%
#1 3-0
25%
#12 3-1
25%
#10 3-1
25%
#9 3-1
25%
#8 3-1
25%
#7 3-1
25%
#14 3-2
25%
#9 3-2
25%
#7 3-2
25%
#4 3-2
25%
#13 3-3
25%
#11 4-0
25%
#6 4-0
25%
#5 4-0
25%
#3 4-0
25%
#2 4-0
25%
#1 4-0
25%
#12 4-1
25%
#10 4-1
25%
#8 4-1
25%
#3 4-1
25%
#2 4-1
25%
#1 4-1
25%
#14 4-2
25%
#12 4-2
25%
#9 4-2
25%
#8 4-2
25%
#7 4-2
25%
#4 4-2
25%
#2 4-2
25%
#13 4-3
25%
#11 5-0
25%
#6 5-0
25%
#5 5-0
25%
#11 5-1
25%
#10 5-1
25%
#5 5-1
25%
#3 5-1
25%
#1 5-1
25%
#14 5-2
25%
#12 5-2
25%
#11 5-2
25%
#10 5-2
25%
#9 5-2
25%
#8 5-2
25%
#7 5-2
25%
#4 5-2
25%
#3 5-2
25%
#2 5-2
25%
#14 5-3
25%
#13 5-3
25%
#12 5-3
25%
#9 5-3
25%
#8 5-3
25%
#6 6-0
25%
#5 6-1
25%
#1 6-1
25%
#11 6-2
25%
#10 6-2
25%
#7 6-2
25%
#5 6-2
25%
#4 6-2
25%
#3 6-2
25%
#2 6-2
25%
#14 6-3
25%
#13 6-3
25%
#12 6-3
25%
#11 6-3
25%
#10 6-3
25%
#9 6-3
25%
#8 6-3
25%
#7 6-3
25%
#5 6-3
25%
#14 6-4
25%
#13 6-4
25%
#12 6-4
25%
#10 6-4
25%
#14 6-5
25%
#10 6-5
25%
#14 6-6
25%
#6 7-0
25%
#1 7-1
25%
#4 7-2
25%
#3 7-2
25%
#2 7-2
25%
#11 7-3
25%
#9 7-3
25%
#8 7-3
25%
#7 7-3
25%
#5 7-3
25%
#3 7-3
25%
#2 7-3
25%
#13 7-4
25%
#12 7-4
25%
#9 7-4
25%
#7 7-4
25%
#10 7-5
25%
#7 7-5
25%
#14 7-6
25%
#6 8-0
25%
#1 8-1
25%
#4 8-2
25%
#11 8-3
25%
#8 8-3
25%
#5 8-3
25%
#3 8-3
25%
#2 8-3
25%
#13 8-4
25%
#12 8-4
25%
#11 8-4
25%
#9 8-4
25%
#5 8-4
25%
#13 8-5
25%
#10 8-5
25%
#7 8-5
25%
#14 8-6
25%
#14 8-7
25%
#14 8-8
25%
#6 9-0
25%
#1 9-1
25%
#4 9-2
25%
#8 9-3
25%
#3 9-3
25%
#2 9-3
25%
#12 9-4
25%
#11 9-4
25%
#9 9-4
25%
#8 9-4
25%
#5 9-4
25%
#13 9-5
25%
#12 9-5
25%
#10 9-5
25%
#7 9-5
25%
#12 9-6
25%
#2 Bills
25%
#8 Browns
25%
#7 Buccaneers
25%
#14 Cardinals
25%
#9 Colts
25%
#13 Dolphins
25%
#3 Packers
25%
#12 Rams
25%
#10 Ravens
25%
#4 Saints
25%
#5 Seahawks
25%
#6 Steelers
25%
#11 Titans
25%
No matching quizzes found
Score Distribution
Percent of People with Each Score
Percentile by Number Answered
Your Score History
You have not taken this quiz